| 000 | 00410nam a2200169Ia 4500 | ||
|---|---|---|---|
| 005 | 20250423094653.0 | ||
| 008 | 250422s9999 xx 000 0 und d | ||
| 020 | _a0394316819 | ||
| 050 | _aHC 79.C6 .B89/ | ||
| 245 | 0 | _aBuyer behavior : theoretical and empirical foundations | |
| 260 | _aNew York | ||
| 260 | _bKnopf | ||
| 260 | _c1973 | ||
| 300 | _a580 p | ||
| 650 | _aConsumer behavior. | ||
| 942 | _cBK | ||
| 999 |
_c27942 _d27942 |
||